000
00461nam a2200169Ia 4500
008
090711s9999 xx 000 0 und d
082
_b
11293
100
_a
पारगांवकर वि. शं.
245
_a
ललाट
260
_c
1962
300
_a
114
600
_a
पारगांवकर वि. शं.
630
_a
ललाट
700
_a
पारगांवकर वि. शं.
730
_a
ललाट
942
_c
BOOK
999
_c
326824
_d
326824